00347nam a22001337a 4500020001800000041001200018082001800030100002400048100002000072245005600092260003900148300000800187365001800195 a9789533073941 aEnglish a632.5bARU/AB aArun Kumar Shanker  aVenkateswarlu B aAbiotic stress in plants mechanisms and adaptations aCroatiabIntech open sciencec2014 a428 bUS dollar 125